| 000 | 00406pab a2200157 454500 | ||
|---|---|---|---|
| 008 | 180718b1984 xxu||||| |||| 00| 0 eng d | ||
| 100 | _aStone, clearence N. | ||
| 245 | _aEmployee inefficacy in selected client serving bureaucracies | ||
| 260 | _c1984 | ||
| 300 | _a5-18 | ||
| 362 | _aSummer | ||
| 650 | _aBureaucracy | ||
| 700 | _aRobert P. Stoker | ||
| 773 | _aJournal of Urban Affairs | ||
| 909 | _a4966 | ||
| 999 |
_c4966 _d4966 |
||